The facts on file dictionary of public administration / (Record no. 110194)

MARC details
000 -LEADER
campo de control de longitud fija 00470nam a2200169 4500
001 - NÚMERO DE CONTROL
campo de control 24759
005 - FECHA Y HORA DE LA ÚLTIMA TRANSACCIÓN
campo de control 20230411085952.0
008 - DATOS DE LONGITUD FIJA--INFORMACIÓN GENERAL
campo de control de longitud fija 060907n1985 dr spa
020 ## - NÚMERO INTERNACIONAL ESTÁNDAR DEL LIBRO
Número Internacional Estándar del Libro 0816012660
035 ## - NÚMERO DE CONTROL DEL SISTEMA
-- funglode24945
041 ## - CÓDIGO DE IDIOMA
Código de lengua del texto/banda sonora o título independiente EN
100 ## - ENTRADA PRINCIPAL--NOMBRE DE PERSONA
Nombre de persona Shafritz, Jay M.
245 14 - MENCIÓN DEL TÍTULO
Título The facts on file dictionary of public administration /
Mención de responsabilidad, etc. Jay M. Shafritz
260 ## - PUBLICACIÓN, DISTRIBUCIÓN, ETC.
Lugar de publicación, distribución, etc. New York :
Nombre del editor, distribuidor, etc. Facts on File Publications,
Fecha de publicación, distribución, etc. 1985
300 ## - DESCRIPCIÓN FÍSICA
Extensión 610 p.
942 ## - ELEMENTOS DE ENTRADA SECUNDARIOS (KOHA)
Fuente del sistema de clasificación o colocación Clasificación de Library of Congress
Tipo de ítem Koha
Holdings
Estatus retirado Estado de pérdida Fuente del sistema de clasificación o colocación Estado de daño No para préstamo Colección Biblioteca de origen Biblioteca actual Ubicación en estantería Fecha de adquisición Código de barras Visto por última vez Copia número Tipo de ítem Koha
    Clasificación de Library of Congress     Automatización y Procesos Técnicos Biblioteca Juan Bosch Biblioteca Juan Bosch Automatización y Procesos Técnicos (1er. Piso) 17/02/2019 00000026234 17/02/2019 1